[Event "NRW Verbandsliga Group2 1314"]
[Site "Nordrheinwestfalen"]
[Date "2014.03.09"]
[Round "8"]
[White "Laarmann, Gerd"]
[Black "Heisterkamp, Oliver"]
[Result "1/2-1/2"]
[WhiteElo "1919"]
[BlackElo "2006"]
[PlyCount "26"]
[EventDate "2013.09.08"]
[EventType "team-tourn"]
[EventRounds "9"]
[EventCountry "GER"]
[SourceTitle "EXT 2020"]
[Source "ChessBase"]
[SourceDate "2019.10.17"]
[SourceVersion "1"]
[SourceVersionDate "2019.10.17"]
[SourceQuality "1"]
[WhiteTeam "Rochade Steele/Kray"]
[BlackTeam "Osterfeld Schwarze Dame"]
[WhiteTeamCountry "GER"]
[BlackTeamCountry "GER"]

1. d4 g6 2. c4 Bg7 3. Nf3 d6 4. Nc3 c6 5. e4 Bg4 6. Be3 Nd7 7. Be2 Qc7 8. 0-0 e5 9. Rc1 Ngf6 10. h3 Bxf3 11. Bxf3 0-0 12. Qd2 Rfe8 13. b4 h5 1/2-1/2

[Event "Ruhrgebiet VK2 1213"]
[Site "Nordrheinwestfalen"]
[Date "2013.04.28"]
[Round "9"]
[White "Panofen, Ingo"]
[Black "Laarmann, Gerd"]
[Result "1/2-1/2"]
[WhiteElo "1912"]
[BlackElo "1917"]
[PlyCount "54"]
[EventDate "2012.09.02"]
[EventType "team-tourn"]
[EventRounds "9"]
[EventCountry "GER"]
[SourceTitle "EXT 2020"]
[Source "ChessBase"]
[SourceDate "2019.10.17"]
[SourceVersion "1"]
[SourceVersionDate "2019.10.17"]
[SourceQuality "1"]
[WhiteTeam "Castrop Rauxel II"]
[BlackTeam "Rochade Steele/Kray"]
[WhiteTeamCountry "GER"]
[BlackTeamCountry "GER"]

1. d4 d5 2. Nf3 Nf6 3. c4 e6 4. Bg5 Be7 5. e3 0-0 6. Nc3 c6 7. Rc1 Nbd7 8. Bd3 dxc4 9. Bxc4 b5 10. Bd3 Bb7 11. 0-0 a6 12. a4 b4 13. Bxf6 Nxf6 14. Ne4 Nd7 15. Qc2 g6 16. Rfd1 Rc8 17. Nc5 Nxc5 18. dxc5 Qc7 19. Nd4 e5 20. Nb3 Rcd8 21. a5 Bc8 22. Bc4 Kg7 23. Rd2 Qa7 24. Rxd8 Rxd8 25. Qe4 Qc7 26. f4 exf4 27. Qxf4 Qxf4 1/2-1/2

[Event "Ruhrgebiet VK2 1213"]
[Site "Nordrheinwestfalen"]
[Date "2012.09.30"]
[Round "2"]
[White "Herrmann, Uwe"]
[Black "Laarmann, Gerd"]
[Result "1/2-1/2"]
[WhiteElo "1946"]
[BlackElo "1917"]
[PlyCount "92"]
[EventDate "2012.09.02"]
[EventType "team-tourn"]
[EventRounds "9"]
[EventCountry "GER"]
[SourceTitle "EXT 2020"]
[Source "ChessBase"]
[SourceDate "2019.10.17"]
[SourceVersion "1"]
[SourceVersionDate "2019.10.17"]
[SourceQuality "1"]
[WhiteTeam "Annen Sport Union"]
[BlackTeam "Rochade Steele/Kray"]
[WhiteTeamCountry "GER"]
[BlackTeamCountry "GER"]

1. d4 d5 2. Nf3 Nf6 3. c4 e6 4. Nc3 c6 5. Bg5 Nbd7 6. e3 Qa5 7. Bxf6 Nxf6 8. Bd3 Bb4 9. Qc2 dxc4 10. Bxc4 c5 11. 0-0 cxd4 12. exd4 Bxc3 13. bxc3 b6 14. Rfe1 0-0 15. Rab1 Qa3 16. Re3 Qd6 17. Ne5 Bb7 18. Rbe1 Rac8 19. Qd3 Bd5 20. Ba6 Rc7 21. Rh3 g6 22. Qe3 Rd8 23. Qf4 Qe7 24. Qh4 Nh5 25. Qg4 f5 26. Qd1 Qg5 27. Bf1 Nf4 28. Rg3 Qf6 29. Qd2 Nh5 30. Rg5 Rg7 31. c4 Ba8 32. Qd1 h6 33. Rxh5 gxh5 34. Qxh5 Rg5 35. Qd1 f4 36. Nf3 Bxf3 37. Qxf3 Kf7 38. d5 exd5 39. cxd5 Re5 40. Rc1 Kf8 41. Qa3+ Qe7 42. Qh3 Kg7 43. Qg4+ Qg5 44. Rc7+ Kf8 45. Qh3 Qf6 46. Qa3+ Qd6 1/2-1/2

[Event "Ruhrgebiet VK2 0405"]
[Site "Ruhrgebiet"]
[Date "2005.03.13"]
[Round "8.5"]
[White "Laarmann, Gerd"]
[Black "Hustert, Volker"]
[Result "1-0"]
[WhiteElo "1947"]
[BlackElo "1978"]
[PlyCount "87"]
[EventDate "2004.09.12"]
[EventType "team"]
[EventRounds "9"]
[EventCountry "GER"]
[SourceTitle "EXT 2006"]
[Source "ChessBase"]
[SourceDate "2005.11.24"]
[SourceVersion "1"]
[SourceVersionDate "2005.11.24"]
[SourceQuality "1"]
[WhiteTeam "Rochade Steele/Kray"]
[BlackTeam "Witten"]
[WhiteTeamCountry "GER"]
[BlackTeamCountry "GER"]

1. d4 d5 2. Nf3 e6 3. g3 Nf6 4. Bg2 Be7 5. c4 0-0 6. Qc2 c6 7. 0-0 Nbd7 8. b3 b6 9. Rd1 Bb7 10. Nc3 Rc8 11. e4 dxe4 12. Ng5 h6 13. Ngxe4 Nxe4 14. Nxe4 Nf6 15. Bf4 Nxe4 16. Qxe4 Bf6 17. Be5 Qe7 18. Rd2 Rfd8 19. Rad1 Rd7 20. h4 Rcd8 21. Qf4 Bxe5 22. dxe5 Rxd2 23. Rxd2 Kf8 24. b4 Rxd2 25. Qxd2 Ke8 26. Qd6 Qxd6 27. exd6 Kd7 28. c5 Ba6 29. Bf1 Bxf1 30. Kxf1 e5 31. f4 exf4 32. gxf4 b5 33. h5 f5 34. Kf2 Ke6 35. Ke3 Kf6 36. Kd4 Ke6 37. d7 Kxd7 38. Ke5 Ke7 39. Kxf5 Kf7 40. Ke5 g6 41. hxg6+ Kxg6 42. Ke6 Kg7 43. f5 h5 44. Ke7 1-0

[Event "Ruhrgebiet VK2 0405"]
[Site "Ruhrgebiet"]
[Date "2005.01.09"]
[Round "5.5"]
[White "Banik, Andreas"]
[Black "Laarmann, Gerd"]
[Result "1/2-1/2"]
[WhiteElo "1807"]
[BlackElo "1947"]
[PlyCount "31"]
[EventDate "2004.09.12"]
[EventType "team"]
[EventRounds "9"]
[EventCountry "GER"]
[SourceTitle "EXT 2006"]
[Source "ChessBase"]
[SourceDate "2005.11.24"]
[SourceVersion "1"]
[SourceVersionDate "2005.11.24"]
[SourceQuality "1"]
[WhiteTeam "Ickern"]
[BlackTeam "Rochade Steele/Kray"]
[WhiteTeamCountry "GER"]
[BlackTeamCountry "GER"]

1. d4 d5 2. Nf3 Nf6 3. Bg5 Ne4 4. h4 h6 5. Bf4 c6 6. c3 Bf5 7. Qb3 Qb6 8. Nbd2 Nxd2 9. Nxd2 e6 10. f3 Nd7 11. g4 Bg6 12. e4 f6 13. Bd3 c5 14. dxc5 Bxc5 15. 0-0-0 0-0-0 16. Qxb6 1/2-1/2

[Event "Ruhrgebiet VK2 0405"]
[Site "Ruhrgebiet"]
[Date "2004.10.10"]
[Round "2.4"]
[White "Scheele, Frank"]
[Black "Laarmann, Gerd"]
[Result "1/2-1/2"]
[WhiteElo "1954"]
[BlackElo "1947"]
[PlyCount "110"]
[EventDate "2004.09.12"]
[EventType "team"]
[EventRounds "9"]
[EventCountry "GER"]
[SourceTitle "EXT 2006"]
[Source "ChessBase"]
[SourceDate "2005.11.24"]
[SourceVersion "1"]
[SourceVersionDate "2005.11.24"]
[SourceQuality "1"]
[WhiteTeam "Hervest Dorsten"]
[BlackTeam "Rochade Steele/Kray"]
[WhiteTeamCountry "GER"]
[BlackTeamCountry "GER"]

1. e4 e6 2. d4 d5 3. Nd2 c5 4. exd5 Qxd5 5. Ngf3 cxd4 6. Bc4 Qd6 7. 0-0 Nf6 8. Nb3 Nc6 9. Nbxd4 Nxd4 10. Nxd4 a6 11. c3 Qc7 12. Qe2 Bd6 13. h3 0-0 14. Bg5 Nd5 15. Bxd5 exd5 16. Qf3 Be6 17. Rfe1 Qd7 18. Re2 Rae8 19. Rae1 Bc5 20. Nb3 Bb6 21. Be3 Bxe3 22. Qxe3 Qa4 23. Qb6 Qc6 24. Qxc6 bxc6 25. Nc5 a5 26. Nxe6 Rxe6 27. Rxe6 fxe6 28. Rxe6 Rb8 29. Re2 a4 30. Kf1 Kf7 31. Ke1 Kf6 32. Kd1 c5 33. Kc2 c4 34. a3 Rd8 35. Re3 Rb8 36. f4 Kf7 37. Re5 Rb5 38. g4 g6 39. h4 Ra5 40. g5 Rc5 41. f5 gxf5 42. Rxf5+ Kg7 43. Re5 Kf7 44. h5 Ra5 45. Kc1 Rb5 46. Kb1 Rc5 47. Kc2 Rb5 48. Re2 Rb7 49. Rf2+ Kg7 50. Rf6 Re7 51. Rf5 Re2+ 52. Kc1 Re1+ 53. Kd2 Rh1 54. h6+ Kg6 55. Rxd5 Rh2+ 1/2-1/2

[Event "Ruhrgebiet VK2 0001"]
[Site "Ruhrgebiet"]
[Date "2001.05.13"]
[Round "9"]
[White "Laarmann, Gerd"]
[Black "Tochtrop, Lothar"]
[Result "1/2-1/2"]
[WhiteElo "1969"]
[BlackElo "1890"]
[PlyCount "51"]
[EventDate "2000.09.17"]
[EventType "team-tourn"]
[EventRounds "9"]
[EventCountry "GER"]
[SourceTitle "EXT 2023"]
[Source "ChessBase"]
[SourceDate "2022.10.05"]
[SourceVersion "1"]
[SourceVersionDate "2022.10.05"]
[SourceQuality "1"]
[WhiteTeam "Steele/Kray Rochade"]
[BlackTeam "Bottrop"]
[WhiteTeamCountry "GER"]
[BlackTeamCountry "GER"]

1. d4 Nf6 2. Nf3 d5 3. g3 g6 4. Bg2 Bg7 5. c4 0-0 6. 0-0 c6 7. cxd5 cxd5 8. Ne5 e6 9. Nc3 Nbd7 10. Nd3 b6 11. e4 Bb7 12. e5 Ne8 13. Re1 Nc7 14. b3 Re8 15. Ba3 a5 16. Bd6 Ba6 17. a4 b5 18. Nc5 Nxc5 19. Bxc5 b4 20. Ne2 Rb8 21. Qd2 Qd7 22. Rac1 Rec8 23. Rc2 Ne8 24. Bf1 Rc6 25. Nc1 Bxf1 26. Rxf1 1/2-1/2

[Event "Ruhrgebiet VK 0001 playoff"]
[Site "Ruhrgebiet"]
[Date "2001.??.??"]
[Round "?"]
[White "Laarmann, Gerd"]
[Black "Schorra, Helmut"]
[Result "1/2-1/2"]
[WhiteElo "1946"]
[BlackElo "1994"]
[PlyCount "58"]
[EventDate "2001.??.??"]
[EventType "team-tourn"]
[EventRounds "3"]
[EventCountry "GER"]
[SourceTitle "EXT 2024"]
[Source "ChessBase"]
[SourceDate "2023.10.10"]
[SourceVersion "1"]
[SourceVersionDate "2023.10.10"]
[SourceQuality "1"]
[WhiteTeam "Steele/Kray Rochade"]
[BlackTeam "Buer SF"]
[WhiteTeamCountry "GER"]
[BlackTeamCountry "GER"]

1. d4 Nf6 2. Nf3 e6 3. g3 d5 4. Bg2 Be7 5. 0-0 0-0 6. c4 c6 7. Nc3 b6 8. b3 Bb7 9. Qc2 Nbd7 10. Rd1 Qc8 11. Bb2 Re8 12. Rac1 c5 13. cxd5 exd5 14. dxc5 bxc5 15. e3 Qc6 16. Ne2 Rac8 17. Ne5 Nxe5 18. Bxe5 Qe6 19. Bb2 Qd7 20. Nf4 d4 21. Qd3 Bxg2 22. Nxg2 Ng4 23. exd4 Bf6 24. Ne3 cxd4 25. Nxg4 Qxg4 26. Rxc8 Rxc8 27. f3 Qd7 28. Re1 h5 29. Qe4 Rd8 1/2-1/2